Performance audit for development (Record no. 500661)

000 -LEADER
fixed length control field 00380cam a22001097a 4500
008 - FIXED-LENGTH DATA ELEMENTS--GENERAL INFORMATION
fixed length control field 180718b1986 xxu||||| |||| 00| 0 eng d
082 ## - DEWEY DECIMAL CLASSIFICATION NUMBER
Classification number L9x54 In2pe
245 ## - TITLE STATEMENT
Title Performance audit for development
Statement of responsibility, etc. by The Comptroller and Auditor General, India
260 ## - PUBLICATION, DISTRIBUTION, ETC.
Place of publication, distribution, etc. Delhi
Name of publisher, distributor, etc. The Comptroller and Auditor General
Date of publication, distribution, etc. 1986
300 ## - PHYSICAL DESCRIPTION
Extent 76+p.
700 ## - ADDED ENTRY--PERSONAL NAME
Personal name India. The Comptroller and Auditor General
Holdings
Withdrawn status Lost status Damaged status Not for loan Permanent Location Current Location Date acquired Full call number Barcode Date last seen Price effective from Koha item type
        Indian Institute of Public Administration Indian Institute of Public Administration 2018-08-04 L9x54 In2pe GG30926 2018-08-04 2018-08-04 GG
        Indian Institute of Public Administration Indian Institute of Public Administration 2018-08-04 L9x54 In2pe GG20347 2018-08-04 2018-08-04 GG

Powered by Koha